International politics: theory and practice (Record no. 167534)

MARC details
000 -LEADER
fixed length control field 00400nam a2200157Ia 4500
008 - FIXED-LENGTH DATA ELEMENTS--GENERAL INFORMATION
fixed length control field 230917s9999||||xx |||||||||||||| ||und||
040 ## - CATALOGING SOURCE
-- 203256
Original cataloging agency VIVEKANANDA LIBRARY
041 ## - Language
-- English
082 ## - DDC NUMBER
Classification number 327 G341I
100 ## - MAIN ENTRY--PERSONAL NAME
Personal name Ghai, U.R.
245 #0 - TITLE STATEMENT
Title International politics: theory and practice
250 ## - EDITION STATEMENT
Edition statement 10th ed.
260 ## - PUBLICATION, DISTRIBUTION, ETC. (IMPRINT)
Place of publication, distribution, etc Jalandhar
Name of publisher, distributor, etc New academic publishing
Date of publication, distribution, etc 2004
300 ## - PHYSICAL DESCRIPTION
Pages 413 p.
942 ## - ADDED ENTRY ELEMENTS (KOHA)
Koha item type Books
Holdings
Withdrawn status Lost status Damaged status Not for loan Location (home branch) Sublocation or collection (holding branch) Date acquired Koha issues (times borrowed) Koha full call number Accession No. Koha date last seen Koha item type
        VIVEKANANDA LIBRARY VIVEKANANDA LIBRARY 18/10/2012   327 G341I 311223 17/09/2023 Books
© Designed and Maintained by Vivekananda Library, MDU Rohtak